| 000 | 00616cab a2200205 4500 | ||
|---|---|---|---|
| 001 | ABS45028 | ||
| 008 | 090401t1991 xxu||||| |||| 00| 0 eng d | ||
| 035 | _a(Sirsi) u50489 | ||
| 041 | _aeng | ||
| 100 | _aRoss, S. | ||
| 245 | _aDifferent animal emerges | ||
| 260 | _c1991 | ||
| 350 | _a0 | ||
| 490 |
_aPlanning (for the Natural and Built Environment) _v(929) 2 August 1991, 4-7 (4) |
||
| 520 | _aRound-up of the new measures contained in the Planning and Compensation Act 1991. | ||
| 650 | _aPLANNING AND COMPENSATION ACT 1991 | ||
| 690 | _aPLANNING LAW AND PRACTICE | ||
| 942 | _n0 | ||
| 948 | _c04/03/1997 | ||
| 999 |
_c31507 _d31507 |
||